000 00543nam a22002057a 4500
003 UA-OsUOA
005 20201224215655.0
008 201224b un ||||| |||| 00| 0 ukr d
040 _aUA-OsUOA
_bukr
_cUA-OsUOA
_dUA-OsUOA
041 _aukr
080 _a32
090 _a32
_bС77
100 _aСтаросольський В.
245 _aТеорія нації
260 _aН.-Й.
_c1966
300 _a144 c.
650 _2UDC
942 _2udc
_cBK
999 _c430741
_d430741